00818nam a2200241 a 450000100060000000300090000600800410001502000150005604000280007108200180009910000250011724500250014226000310016730000110019849000150020959000490022465000520027365000570032565000280038294200120041099900170042295201370043916232CO-ViMGA141112s2004 ck r 000 u spa d a958045633X aCO-ViMGAbspacCO-ViMGA aCo863.6 R393a1 aReyes, Yolanda9257910aLos años terribles aBogotá : bNorma, c2002 a190.p. aZona libre aForma de adquisición : Premio - Mincultura14aADOLESCENTES - ASPECTOS SOCIALES - NOVELA9551914aADOLESCENTES VIDA SOCIAL Y COSTUMBRES - NOVELA9552014aNOVELA COLOMBIANA91193 2ddccBK c11528d11528 00102ddc4070aMEVHERMObMEVHERMOd2025-06-11kN REY3l0oCo863.6 R393apVIST 0002321r2025-06-11 11:51:37tEj.1w2025-06-11yBK